| 000 | 00726nam a22002777a 4500 | ||
|---|---|---|---|
| 001 | 26394 | ||
| 003 | UA-OsUOA | ||
| 005 | 20191119152006.0 | ||
| 007 | ta | ||
| 008 | 20040527b un ||||| |||| 00| 0 ukr d | ||
| 020 | _a5-900810-30-5 | ||
| 040 |
_aUA-OsUOA _bukr _cUA-OsUOA _dUA-OsUOA |
||
| 041 | _aukr | ||
| 044 | _aUA | ||
| 080 | _a913(94) | ||
| 090 |
_a913(94) _bА64 |
||
| 100 | _aАнгелуца П. | ||
| 245 | _aАвстралія надзвичайна | ||
| 246 | 3 | 1 | _a(Extraordinary Australia) |
| 260 |
_aБрізбен _bСу Джок Академія _c2001 |
||
| 300 | _a312 с. | ||
| 650 | 7 | _2UDC | |
| 942 |
_cBK _2udc |
||
| 955 | _a0 | ||
| 999 |
_c312717 _d312717 |
||